| 000 | 00000nam 2200000zi 4500 |
| 001 | 9.932274 |
| 003 | CaOODSP |
| 005 | 20240214113905 |
| 006 | m o d f |
| 007 | cr |n||||||||| |
| 008 | 240110e202402 onc ob f100 0 fre d |
| 020 | |a9780660695648 |
| 040 | |aCaOODSP|bfre|erda|cCaOODSP |
| 043 | |an-cn--- |
| 086 | 1 |aFs70-4/2024-005F-PDF |
| 245 | 00|aCompte rendu de l’examen par les pairs régional sur l’évaluation actualisée du potentiel de rétablissement du chat-fou (Noturus stigmosus), de 2012 à 2021 : |bdates de la réunion : 29 au 30 novembre 2022, lieu : réunion virtuelle / |cprésidentes : Roanne Collins et Karine Robert ; rédactrices : Lianna Lopez et Robin Gáspárdy. |
| 264 | 1|aOttawa (Ontario) : |bSecrétariat canadien de consultation scientifique (SCCS), |cfévrier 2024. |
| 264 | 4|c©2024 |
| 300 | |a1 ressource en ligne (iv, 16 pages). |
| 336 | |atexte|btxt|2rdacontent/fre |
| 337 | |ainformatique|bc|2rdamedia/fre |
| 338 | |aressource en ligne|bcr|2rdacarrier/fre |
| 490 | 1 |aCompte rendu, |x2292-4264 ; |v2024/005 |
| 500 | |aPublié aussi en anglais sous le titre : Proceedings of the regional peer review on the updated recovery potential assessment for northern madtom (Noturus stigmosus), 2012–2022. |
| 504 | |aComprend des références bibliographiques. |
| 650 | 6|aChat-fou du Nord|xConservation|zOntario|vCongrès. |
| 655 | 7|aActes de congrès|2rvmgf |
| 700 | 1 |aCollins, Roanne K.|q(Roanne Kyla) |
| 710 | 2 |aSecrétariat canadien de consultation scientifique, |eorganisme de publication. |
| 710 | 1 |aCanada. |bMinistère des pêches et des océans. |bRégion de l'Ontario et des Prairies, |eorganisme de publication. |
| 775 | 08|tProceedings of the regional peer review on the updated recovery potential assessment for northern madtom (Noturus stigmosus), 2012–2022 : |w(CaOODSP)9.932273 |
| 830 | #0|aCompte rendu (Secrétariat canadien de consultation scientifique)|v2024/005.|w(CaOODSP)9.502879 |
| 856 | 40|qPDF|s362 Ko|uhttps://publications.gc.ca/collections/collection_2024/mpo-dfo/fs70-4/Fs70-4-2024-005-fra.pdf |